000
00426nam a2200145Ia 4500
008
100204s9999 xx 000 0 und d
082
_b
12231
100
_a
गुजराती जयंत
245
_a
फुलोरा
260
_b
"सामुद्रि प्रकाशन , नाशिक"
_c
1989
300
_a
127
630
_a
फुलोरा
730
_a
फुलोरा
942
_c
BOOK
999
_c
456664
_d
456661